00904 a2200193 4500003000500000005001700005010001700022040000900039082001400048100002300062245014000085250001200225260007300237300003800310440005200348505026200400650002900662700001900691Nust20230608144643.0 a 2003269366 cNust00a006.3,RUS1 aRussell, Stuart J.10aArtificial intelligence :ba modern approach / cStuart J. Russell and Peter Norvig ; contributing writers, John F. Canny ... [et al.]. a2nd ed. aUpper Saddle River, N.J. :bPrentice Hall/Pearson Education,cc2003. axxviii, 1080 p. :bill. ;c27 cm. 0aPrentice Hall series in artificial intelligence aArtificial Intelligence (Page-1), Problem-Solving (Page-57), Knowledge and Reasoning (Page-192), Planning (Page-373), Uncertain Knowledge and Reasoning (Page-460), Learning (Page-647), Communicating, Perceiving and Acting (Page-788), Conclusions (Page-945). 0aArtificial intelligence.1 aNorvig, Peter.